000 00675cab a2200205 4500
001 WB3408-41
008 090401t1998 xxu||||| |||| 00| 0 eng d
035 _a(Sirsi) u84555
041 _aeng
245 _aMeat and livestock levy removed
260 _c1998
350 _a0
490 _aNews from the NFU
_v25 February 1998 ((2)
520 _aThe Government is to fund the start-up and first-year running costs of the British Cattle Movement Service. stry had been
650 _aBRITISH CATTLE MOVEMENT SERVICE
650 _aPROPERTY-RURAL AND NATURAL ASSETS-AGRICULTURAL PROPERTY-LIVESTOCK
690 _aRURAL PRACTICE
942 _n0
948 _c27/02/1998
999 _c53143
_d53143